| 000 | 00346nam a2200133Ia 4500 | ||
|---|---|---|---|
| 008 | 240624s9999 xx 000 0 und d | ||
| 041 | _aeng | ||
| 082 | _a658.0072 KEI | ||
| 100 | _aKEIZER JIMME | ||
| 245 | _aBUSINESS RESEARCH PROJECTS A SOLUTION OR | ||
| 260 |
_c2007 _aNew Delhi _bElsevier |
||
| 300 | _axiv, : 240 : p. ; 23cm. | ||
| 365 |
_cRS _b35 |
||
| 999 |
_c5780 _d5780 |
||